000 00388nam a2200157Ia 4500
008 230524s9999 xx 000 0 und d
082 _a621.382
_bSOM
100 _aB.Somanathan Nair
245 0 _aElectronic Devices and Applications
250 _a1ST
260 _aNEW DELHI
_bPHI
_c2002
300 _aXIII;415
500 _aQuantity Number: 2
650 _aElectronics
942 _cBK
999 _c36836
_d36836